000 00782nam a2200265Ia 4500
003 OSt
005 20220925224234.0
006 a|||||r|||| 00| 0
007 ta
008 220923b |||||||| |||| 00| 0 eng d
020 _a0710003528
037 _cGeneral Book
040 _aRTL
_cRTL
_beng
041 _2eng
_aeng
082 _aY48, L9
100 _aEtzioni-Halevy Eva
_920061
245 0 _aPolitical manipulation and administrative power
_b A comparatiive study
260 _aLondon
_bRoutledge & Kagun Paul
_c1979
300 _ax, 218p
_ccm.
490 _aInternational Library of Sociology
500 _aBibliography: P 203-11; Index213-18
650 _aElites
942 _hY48, L9
_cGB
_2CC
999 _c581112
_d581112